| 000 | 00333nam a2200133Ia 4500 | ||
|---|---|---|---|
| 008 | 191201s2005 xx 000 0 und d | ||
| 082 |
_a670 _bSHT |
||
| 100 | _aSHARMA, P C | ||
| 245 | 2 | _aA Text Book of Production Technology | |
| 260 |
_aN.Delhi _bS Chand and Co. Ltd. _c2005 |
||
| 300 | _a739 | ||
| 650 | _aB.Tech(ME) | ||
| 942 |
_2ddc _cBK |
||
| 999 |
_c873 _d873 |
||